000 00469ntaaa2200181 4500
003 01
005 20251027202521.0
008 0714s1973 ag 01
040 _aAR-BaBN
_bspa
_cAR-BaBN
_eaacr
_dRIC
082 _a231.7400 B63
100 _aBollatti, Miguel L.
_924146
245 _aLa Revelacion
250 _a1 ed.
260 _aBuenos Aires :
_bSeminario Teologico Bautista,
_c1954
300 _a39 p.
500 _aTesis; falta segun inventario- 1989
942 _cBK
999 _c20206
_d20206